| 000 | 01012ngm a2200193 a 4500 | ||
|---|---|---|---|
| 005 | 20210223125623.0 | ||
| 008 | 050418s2003 mx 120 d daspa d | ||
| 035 | _aUPN01000138118 | ||
| 049 | _aAV | ||
| 050 | 4 | _aDVD HV 10 | |
| 245 | 0 | 0 |
_aAlcatraz : _bel escape más famoso de la historia americana. |
| 260 |
_a[EUA] : _bThe history channel : _bUSA video, _cc2003. |
||
| 300 |
_a1 DVD (120 min.) : _bson. col. ; _c4 3/4 plg. |
||
| 500 | _a"El material incluye: entrevistas en inglés subtituladas en español" | ||
| 520 | _aDescubriremos como tres hombres planearon y ejecutaron su escape, además este DVD explora muchas preguntas sin respuesta : ¿cómo ocultaron su trabajo de escape ante los guardias por casi un año, cómo terminaron su escape a pesar de las terribles aguas de la bahía y asi sobrevivieron, cómo evitaron la detección por agentes del FBI? | ||
| 651 | 4 |
_aCALIFORNIA, ESTADOS UNIDOS - _xPRISIONES Y REFORMATORIOS _9298 |
|
| 650 | 4 |
_aPRISIONES - _zESTADOS UNIDOS |
|
| 905 | _aElectrónico | ||
| 999 |
_c110266 _d110266 |
||